| 000 | 00483nam a22001577a 4500 | ||
|---|---|---|---|
| 003 | OSt | ||
| 005 | 20151118155818.0 | ||
| 008 | 151118b xxu||||| |||| 00| 0 eng d | ||
| 040 | _cRUA | ||
| 082 | _aFIS យ៉េន 1995 B156 Or.1 | ||
| 100 |
_93887 _aយ៉េន សុភ័ណ្ |
||
| 245 | _aការចិញ្ចឹមបង្គារនៅស្រុកមណ្ឌលសីមា | ||
| 260 |
_aPhnom Penh _bRUA _c1995 |
||
| 300 |
_a82p. _bill. _c29cm. |
||
| 942 |
_2ddc _cFIS |
||
| 999 |
_c3614 _d3614 |
||